Logically motivated varieties with decidable finite algebras /

Guardado en:
Autor Principal: Idziak, Pawel.
Formato: Libro
Idioma:English
Publicado: Kraków : Nakl. Uniwersytetu Jagiellonskiego, 1989.
Series:Rozprawy habilitacyjne (Uniwersytet Jagiellonski) ; nr. 171.
Materias:
Etiquetas: Agregar Etiqueta
Sin Etiquetas, Sea el primero en etiquetar este registro!
LEADER 00948nam a2200253 a 4500
001 MAT.inmabb005135
008 900427s1989####pl#######bm###000#0#eng##
005 20130314145545.0
245 1 0 |a Logically motivated varieties with decidable finite algebras /  |c Pawel Idziak. 
260 |a Kraków :  |b Nakl. Uniwersytetu Jagiellonskiego,  |c 1989. 
300 |a 69 p. ;  |c 24 cm. 
490 1 |a Rozprawy habilitacyjne / Uniwersytet Jagiellonski,  |x 0239-782X ;  |v nr. 171 
500 |a "Tesis de habilitación" del autor. 
504 |a Incluye referencias bibliográficas (p. [67]-69). 
510 4 |a MR,  |c 91f:03057 
020 |a 8323303304 
100 1 |a Idziak, Pawel. 
830 0 |a Rozprawy habilitacyjne (Uniwersytet Jagiellonski) ;  |v nr. 171. 
650 0 |a Algebra, Universal. 
650 0 |a Decidability (Mathematical logic) 
084 |a 03C05 (03B25 03D35 08B05)  |2 msc2000 
010 |a  90149367  
040 |a DLC  |c DLC 
859 |h 03  |i Id21  |p A-6963  |b BIB. MATEMATICA